In extremis

সংরক্ষণ করুন:
গ্রন্থ-পঞ্জীর বিবরন
প্রধান লেখক: Menocal, Guillermo
বিন্যাস: গ্রন্থ
ভাষা:Undetermined
প্রকাশিত: Managua, Nicaragua [Editor no identificado] 1974
বিষয়গুলি:
ট্যাগগুলো: ট্যাগ যুক্ত করুন
কোনো ট্যাগ নেই, প্রথমজন হিসাবে ট্যাগ করুন!

MARC

LEADER 00000nam a2200000Ia 4500
008 170316s9999 xx 000 0 und d
040 |a cru BVZT 
090 |a 860 M-19i 
100 |a Menocal, Guillermo 
245 |a In extremis 
260 |a Managua, Nicaragua 
260 |b [Editor no identificado] 
260 |c 1974 
300 |a 87 páginas 
650 |a LITERATURA LATINOAMERICANA 
999 |c 8922  |d 8922 
942 |c 15 D  |h 860 M-19i  |2 z